| 000 | 004440000a22001810004500 | ||
|---|---|---|---|
| 003 | MACL | ||
| 005 | 20160120122254.0 | ||
| 008 | 160120b xxu||||| |||| 00| 0 eng d | ||
| 040 |
_aMACL _cMACL |
||
| 041 | _aEnglish | ||
| 082 | _a294/CHO | ||
| 100 |
_aChopra, P.N. _9715 |
||
| 245 | _aReligion And Communities Of India | ||
| 260 |
_bVision Books _c1998 _aNew Delhi |
||
| 350 | _a190 | ||
| 650 |
_aReligion _933534 |
||
| 942 |
_cBK _k294/Cho _2ddc |
||
| 999 |
_c31739 _d31739 |
||